[Event "FICGS rapid B 000382 email"]
[Site "FICGS email"]
[Date "2022.07.14"]
[Round "1"]
[White "D Ettorre, Rodolfo"]
[Black "Pech, Stepan"]
[Result "1/2-1/2"]
[WhiteElo "1926"]
[BlackElo "1849"]
[PlyCount "77"]
[EventDate "2022.??.??"]
[EventType "tourn (rapid)"]
[EventRounds "6"]
[SourceTitle "Corr 2024"]
[Source "ChessBase"]
[SourceDate "2023.10.19"]
[SourceVersion "1"]
[SourceVersionDate "2023.10.19"]
[SourceQuality "1"]

1. d4 d5 2. Nf3 Nf6 3. Bf4 Bf5 4. c4 e6 5. Nc3 Nc6 6. e3 Bb4 7. Rc1 0-0 8. a3 Bxc3+ 9. Rxc3 Ne4 10. Rc1 Ne7 11. Nd2 Ng6 12. Nxe4 Bxe4 13. Bg3 dxc4 14. Rxc4 Bc6 15. f3 f5 16. Rc5 f4 17. exf4 Nxf4 18. Qd2 Qf6 19. Bc4 Kh8 20. 0-0 Rad8 21. Rd1 Rd6 22. b4 a6 23. Qxf4 Qxf4 24. Bxf4 Rxf4 25. Kf2 g6 26. Ke3 Rh4 27. h3 Kg7 28. Bf1 Kf6 29. g3 Rh5 30. Rxh5 gxh5 31. Rc1 Rd8 32. Bd3 Rg8 33. Kf4 Rd8 34. Be4 Rxd4 35. Ke3 Rd6 36. Bxh7 a5 37. h4 axb4 38. axb4 Rd7 39. Bd3 1/2-1/2

[Event "FICGS W-ch st2 g03 email"]
[Site "FICGS email"]
[Date "2012.12.03"]
[Round "1"]
[White "D Ettorre, Rodolfo"]
[Black "Pilipchuk, Andrey"]
[Result "0-1"]
[WhiteElo "2083"]
[BlackElo "2020"]
[PlyCount "56"]
[EventDate "2012.??.??"]
[EventType "tourn (corr)"]
[EventRounds "8"]
[SourceTitle "Corr 2022"]
[Source "ChessBase"]
[SourceDate "2021.10.24"]
[SourceVersion "1"]
[SourceVersionDate "2021.10.24"]
[SourceQuality "1"]

1. d4 Nf6 2. c4 e6 3. g3 d5 4. Bg2 Bb4+ 5. Bd2 Be7 6. Nf3 0-0 7. 0-0 Nbd7 8. Qc2 c6 9. Bf4 dxc4 10. Qxc4 Nd5 11. Bd2 c5 12. Nc3 N7b6 13. Qb3 cxd4 14. Nxd4 Nxc3 15. Bxc3 e5 16. Nc2 Bd7 17. a4 Qe8 18. Bxb7 Rb8 19. Be4 Bc5 20. Rfd1 Kh8 21. Qa2 f5 22. Bg2 f4 23. Bb4 Be6 24. Qb1 Nd7 25. Bxc5 Nxc5 26. b4 a5 27. Qb2 Qh5 28. Bf3 Qg5 0-1

[Event "FICGS W-ch st2 g03 email"]
[Site "FICGS email"]
[Date "2012.12.03"]
[Round "1"]
[White "Kasabasic, Djordje"]
[Black "D Ettorre, Rodolfo"]
[Result "1-0"]
[WhiteElo "2137"]
[BlackElo "2083"]
[PlyCount "57"]
[EventDate "2012.??.??"]
[EventType "tourn (corr)"]
[EventRounds "8"]
[SourceTitle "Corr 2022"]
[Source "ChessBase"]
[SourceDate "2021.10.24"]
[SourceVersion "1"]
[SourceVersionDate "2021.10.24"]
[SourceQuality "1"]

1. Nf3 d5 2. d4 Nf6 3. c4 c6 4. Nc3 e6 5. g3 dxc4 6. a4 Bb4 7. Bg2 c5 8. 0-0 Nc6 9. Na2 0-0 10. Nxb4 cxb4 11. Bd2 a5 12. Bg5 h6 13. Bxf6 Qxf6 14. Rc1 c3 15. bxc3 Rd8 16. Qb3 bxc3 17. e3 e5 18. dxe5 Nxe5 19. Nd4 Bg4 20. Rxc3 Nf3+ 21. Nxf3 Bxf3 22. Bxf3 Qxf3 23. Rc4 g6 24. Rf4 Qd5 25. Qxd5 Rxd5 26. Rb1 Rb8 27. Rb6 Re5 28. Rc4 Re6 29. Rxe6 1-0

[Event "FICGS theme 0001 email"]
[Site "FICGS email"]
[Date "2012.03.04"]
[Round "1"]
[White "Carrizo, Jose Luis"]
[Black "D Ettorre, Rodolfo"]
[Result "1-0"]
[WhiteElo "2043"]
[BlackElo "2064"]
[PlyCount "43"]
[EventDate "2012.??.??"]
[EventType "swiss (corr)"]
[EventRounds "1"]
[SourceTitle "Corr 2022"]
[Source "ChessBase"]
[SourceDate "2021.10.24"]
[SourceVersion "1"]
[SourceVersionDate "2021.10.24"]
[SourceQuality "1"]

1. e4 e5 2. Nf3 Nc6 3. Bc4 Bc5 4. c3 Nf6 5. d4 exd4 6. cxd4 Bb4+ 7. Nc3 Nxe4 8. 0-0 Bxc3 9. d5 Bf6 10. Re1 0-0 11. Rxe4 Ne7 12. d6 cxd6 13. Bg5 Ng6 14. Qd5 Ne5 15. Rxe5 dxe5 16. Nxe5 Qe7 17. Nxf7 Qxf7 18. Bxf6 Qxd5 19. Bxd5+ Kh8 20. Be7 Re8 21. Bd6 a5 22. Bf7 1-0

[Event "FICGS W-ch st1 g09 email"]
[Site "FICGS email"]
[Date "2011.04.01"]
[Round "1"]
[White "D'Ettorre, Rodolfo"]
[Black "Bakhmatov, Andrey Sergeevich"]
[Result "1/2-1/2"]
[WhiteElo "2096"]
[BlackElo "2055"]
[PlyCount "70"]
[EventDate "2011.??.??"]
[EventType "tourn (corr)"]
[EventRounds "8"]
[SourceTitle "Corr 2013"]
[Source "ChessBase"]
[SourceDate "2012.11.12"]
[SourceVersion "1"]
[SourceVersionDate "2012.11.12"]
[SourceQuality "1"]

1. Nf3 Nf6 2. g3 c5 3. c4 b6 4. Bg2 Bb7 5. 0-0 e6 6. Nc3 Be7 7. d4 cxd4 8. Qxd4 d6 9. Bg5 a6 10. Bxf6 Bxf6 11. Qd3 Ra7 12. Rad1 Be7 13. Nd4 Bxg2 14. Kxg2 Qc8 15. f4 g6 16. b3 0-0 17. h4 Rc7 18. Rf3 Rd8 19. h5 Bf6 20. g4 d5 21. hxg6 hxg6 22. cxd5 exd5 23. f5 g5 24. Rh3 Rc5 25. Qd2 Qd7 26. Na4 Rc7 27. Nxb6 Qe7 28. Re3 Qc5 29. Na4 Qd6 30. Nc3 Rdc8 31. Rc1 Rc5 32. Ndb5 Qc6 33. Nd4 Qd6 34. Ndb5 Qc6 35. Nd4 Qd6 1/2-1/2

[Event "FICGS class A 000089 email"]
[Site "FICGS email"]
[Date "2011.02.24"]
[Round "1"]
[White "D'Ettorre, Rodolfo"]
[Black "Tanda, Giovanni"]
[Result "1/2-1/2"]
[WhiteElo "2060"]
[BlackElo "2028"]
[PlyCount "64"]
[EventDate "2011.??.??"]
[EventType "tourn (corr)"]
[EventRounds "6"]
[SourceTitle "Corr 2013"]
[Source "ChessBase"]
[SourceDate "2012.11.12"]
[SourceVersion "1"]
[SourceVersionDate "2012.11.12"]
[SourceQuality "1"]

1. e4 c6 2. d4 d5 3. exd5 cxd5 4. c4 Nf6 5. Nc3 e6 6. c5 Be7 7. Nf3 0-0 8. b4 b6 9. Bb2 a5 10. a3 axb4 11. axb4 Rxa1 12. Qxa1 bxc5 13. bxc5 Nc6 14. Bb5 Bb7 15. 0-0 Qc7 16. Qe1 Rb8 17. Qe3 Ne4 18. Ra1 f5 19. Bf1 Bc8 20. Nb5 Qd8 21. Qc1 Qd7 22. Ra2 h6 23. Ba1 Bf6 24. g3 Qd8 25. Na7 Bd7 26. Nxc6 Bxc6 27. Qc2 Qe8 28. Nd2 Ra8 29. Kg2 Rxa2 30. Qxa2 e5 31. f3 Nxd2 32. Qxd2 e4 1/2-1/2

[Event "FICGS class A 000089 email"]
[Site "FICGS email"]
[Date "2011.02.24"]
[Round "1"]
[White "Lim, Steve"]
[Black "D Ettorre, Rodolfo"]
[Result "1-0"]
[WhiteElo "2096"]
[BlackElo "2060"]
[PlyCount "61"]
[EventDate "2011.??.??"]
[EventType "tourn (corr)"]
[EventRounds "6"]
[SourceTitle "Corr 2022"]
[Source "ChessBase"]
[SourceDate "2021.10.24"]
[SourceVersion "1"]
[SourceVersionDate "2021.10.24"]
[SourceQuality "1"]

1. e4 e5 2. Nf3 Nc6 3. Bb5 Nf6 4. 0-0 Nxe4 5. Re1 Nd6 6. Nxe5 Be7 7. Bf1 0-0 8. d4 Nf5 9. d5 Nxe5 10. Rxe5 d6 11. Re1 Bf6 12. Nd2 Bg5 13. Bd3 c6 14. dxc6 bxc6 15. Nc4 Bf6 16. Bf4 d5 17. Ne5 Qb6 18. Ng4 Qxb2 19. Rb1 Qd4 20. Nxf6+ Qxf6 21. Qd2 Be6 22. Bg5 Qg6 23. Qf4 Rae8 24. g4 f6 25. gxf5 fxg5 26. fxg6 gxf4 27. gxh7+ Kh8 28. Bg6 Re7 29. h4 Rd8 30. Re5 Rf8 31. h5 1-0

[Event "FICGS theme 0001 email"]
[Site "FICGS email"]
[Date "2010.09.18"]
[Round "1"]
[White "D'Ettorre, Rodolfo"]
[Black "Simmelink, Joop Theo"]
[Result "1/2-1/2"]
[WhiteElo "1978"]
[BlackElo "2190"]
[PlyCount "46"]
[EventDate "2010.??.??"]
[EventType "swiss (corr)"]
[EventRounds "1"]
[SourceTitle "Corr 2013"]
[Source "ChessBase"]
[SourceDate "2012.11.12"]
[SourceVersion "1"]
[SourceVersionDate "2012.11.12"]
[SourceQuality "1"]

1. e4 e5 2. Nf3 Nc6 3. Bb5 Nf6 4. 0-0 Nxe4 5. d4 Nd6 6. Bxc6 dxc6 7. dxe5 Nf5 8. Qxd8+ Kxd8 9. Nc3 Ke8 10. h3 b6 11. Rd1 Be6 12. a3 Be7 13. Bg5 h5 14. b3 Bxg5 15. Nxg5 Ke7 16. Ne2 Rhd8 17. g4 hxg4 18. hxg4 Nh4 19. Nxe6 fxe6 20. f4 g5 21. Kf2 Rg8 22. Rh1 Raf8 23. Kg3 gxf4+ 1/2-1/2

[Event "FICGS theme 0001 email"]
[Site "FICGS email"]
[Date "2010.09.18"]
[Round "1"]
[White "Hase, Pavel"]
[Black "D'Ettorre, Rodolfo"]
[Result "1-0"]
[WhiteElo "2181"]
[BlackElo "2027"]
[PlyCount "31"]
[EventDate "2010.??.??"]
[EventType "swiss (corr)"]
[EventRounds "1"]
[SourceTitle "Corr 2013"]
[Source "ChessBase"]
[SourceDate "2012.11.12"]
[SourceVersion "1"]
[SourceVersionDate "2012.11.12"]
[SourceQuality "1"]

1. d4 d5 2. c4 Nc6 3. Nf3 Bg4 4. Nc3 e6 5. cxd5 exd5 6. Bf4 Bd6 7. Bg3 Nf6 8. e3 0-0 9. Bh4 h6 10. Bxf6 Qxf6 11. Nxd5 Qg6 12. Bd3 Bxf3 13. gxf3 Qg2 14. Ke2 Qh3 15. Rg1 Qe6 16. Be4 1-0

[Event "FICGS W-ch st2 g02 email"]
[Site "FICGS email"]
[Date "2010.07.06"]
[Round "1"]
[White "Schmid, Pablo"]
[Black "D'Ettorre, Rodolfo"]
[Result "1/2-1/2"]
[WhiteElo "2227"]
[BlackElo "1997"]
[PlyCount "76"]
[EventDate "2010.??.??"]
[EventType "tourn (corr)"]
[EventRounds "6"]
[SourceTitle "Corr 2013"]
[Source "ChessBase"]
[SourceDate "2012.11.12"]
[SourceVersion "1"]
[SourceVersionDate "2012.11.12"]
[SourceQuality "1"]

1. e4 e5 2. Nf3 Nc6 3. Bc4 Bc5 4. b4 Bxb4 5. c3 Be7 6. d4 Na5 7. Be2 exd4 8. Qxd4 d6 9. Qxg7 Bf6 10. Qg3 Qe7 11. Qf4 Bd7 12. 0-0 0-0-0 13. Qe3 Nc6 14. Nbd2 Qf8 15. Nb3 Nge7 16. Nbd4 Rg8 17. Rb1 Qg7 18. g3 h5 19. h4 Kb8 20. Rd1 Rde8 21. Qd3 Qg6 22. Bg5 Bxg5 23. Nxg5 b6 24. Rb2 f6 25. Nge6 Nxd4 26. Nxd4 f5 27. e5 f4 28. Qxg6 Nxg6 29. Bxh5 Rxe5 30. Bxg6 Rxg6 31. Ne2 Rf5 32. Rd4 fxg3 33. fxg3 Rf3 34. h5 Rgf6 35. Rb1 Re3 36. Rb2 Ref3 37. Rb1 Re3 38. Rb2 Ref3 1/2-1/2